000 00648nam a2200205Ii 4500
003 JO-AjNU
008 230605s9999||||xx |||||||||||||| ||und||
017 _a1973/3934
040 _aJO-AjNU
_bara
_erda
_cJO-AjNU
041 _aara
050 1 4 _aPJ6697.S2964 1973
100 3 _aالسيد، عز الدين علي,
_eauthor
_937094
245 0 0 _aالحديث النبوي من الوجهة البلاغية
264 3 1 _aد.م: المؤلف، 1973
300 _a519ص
336 _atext
_btxt
_2rdacontent
337 _aunmediated
_bn
_2rdamedia
338 _avolume
_bnc
_2rdacarrier
650 4 _aالحديث النبوي - بلاغة
_937095
999 _aA15469
_c19037
_d19037